000
00527nam a2200169Ia 4500
008
100204s9999 xx 000 0 und d
082
_b
27693
100
_a
चेस जेम्स हेडले
245
_a
मर्डर फॉर डायमंडस
250
_a
0
260
_c
2007
300
_a
174
630
_a
मर्डर फॉर डायमंडस
700
_a
हुद्दार मधुकर
730
_a
मर्डर फॉर डायमंडस
942
_c
BOOK
999
_c
472873
_d
472870